Hauptstädte und größte Städte (Belgien) - Statistiken

Allgemein
  • Dieses Quiz wurde 54 mal gespielt
  • Das Durchschnittsergebnis liegt bei 12 aus 28
Antwortstatistiken
Antwort % Korrekt
Brüssel
100%
Brüssel
81%
Antwerpen
74%
Brüssel
74%
Antwerpen
72%
Antwerpen
72%
Lüttich
67%
Lüttich
65%
Namur
58%
Namur
56%
Brügge
47%
Antwerpen
44%
Brügge
44%
Gent
40%
Gent
37%
Charleroi
33%
Brüssel
26%
Löwen
26%
Namur
26%
Löwen
23%
Charleroi
21%
Bergen
14%
Hasselt
14%
Hasselt
14%
Arel
12%
Arel
12%
Braine-l’Alleud
2%
Wavre
2%
Keine übereinstimmenden Quizze gefunden
Verteilung der Resultate
Anzahl Personen mit jedem Resultat
Perzentil nach korrekt beantworteten Fragen
Ihre Resultats-Entwicklung
Sie haben dieses Quiz noch nicht gespielt